00642 2200241 4500001002100000005001700021008004100038035002400079090001500103100002600118245004800144250001100192260002900203300002600232500003100258650002600289650002400315850001500339980001300354985000600367986001200373999001500385YOGYA-0209000000321520090227020615.0 ind  0010-020900000003215 a530bMan K aMANGUNWIYOTO, Widagdo aKitab penuntun fisikacWidagdo Mangunwiyoto aCet. 4 aJakartabErlangggac1982 a...jilidbilusc21 cm aYang diterima : jilid 1, 3 aIlmu alam - Pelajaran aPelajaran-ilmu alam aYOPDYOG(B) a06-02-06 a2 aBPRTREV aP000017731